Statistiques concernant Culture Générale - Série 2096

Cliquez ici pour prendre le quiz!

Statistiques générales

  • Ce quiz a été pris 82 fois
  • Le résultat moyen est 3 sur 10

Statistiques - réponses

QuestionRéponse% Correct
Dans quelle ville française peut-on visiter le mémorial sur la Bataille de Normandie et l'histoire du XXe siècle ?Caen
72%
Dans l'univers de Star Wars, comment s'appelle la princesse fille du légendaire Jedi Anakin Skywalker et de l'ex-reine Padmé Amidala ? prénomLeia
62%
Dans quelle ville du Japon peut-on admirer le kinkaku-ji ? voir photoKyoto
53%
Quel adjectif de 5 lettres commençant par " v " est synonyme de "faible, lâche, mou" ?veule
49%
Dans quelle capitale européenne se trouve le monastère des Hiéronymites ?Lisbonne
27%
Comment s'appelle le treillis d'osier à claire-voie sur lequel on fait sécher les fromages ?claie
24%
Quel verbe du 1er groupe de 9 lettres commençant par " v " signifie "blâmer vivement" ?vitupérer
17%
Pilastre carré des temples grecs et romains - homonyme d'une variété de pruneante
9%
Dans quel pays Catherine Samba-Panza a-t-elle été élue présidente en remplacement de Michel Djotodia, du 23 janvier 2014 au 30 mars 2016 ?Centrafrique
6%
Comment appelle-t-on la bouteille de champagne de 9 litres (12 bouteilles de 75 cl) ?salmanazar
6%

Distribution des résultats

Percentile par nombre de réponses

% des personnes avec chaque résultat

Votre développement - résultats

Vous n’avez pas pris ce quiz